| 000 | 00810nam a2200265 i 4500 | ||
|---|---|---|---|
| 001 | 8042 | ||
| 003 | ES-MaACL | ||
| 005 | 20250822063107.0 | ||
| 008 | 910623s1990 sp |||| | spa d | ||
| 020 | _a84-7658-244-7 | ||
| 080 | _a620.9 | ||
| 100 | 1 |
_aPuig i Boix, Josep, _d1947- _9174505 |
|
| 245 | 1 | 3 |
_aLa ruta de la energía / _cJosep Puig, Joaquim Corominas ; prólogo de Mario Gaviria. |
| 250 | _a1ª ed. | ||
| 260 |
_aBarcelona : _bAnthropos, _c1990. |
||
| 300 |
_a475 p. ; _c20 cm. |
||
| 490 | 1 |
_aNueva ciencia ; _v7 |
|
| 504 | _aBibliografía: p. 440-451. | ||
| 650 | 4 |
_aRecursos energéticos. _916697 |
|
| 700 | 1 |
_aCorominas, Joaquim. _940654 |
|
| 700 | 1 |
_aGaviria, Mario. _956091 |
|
| 830 | 1 |
_aNueva ciencia ; _v7 _9177424 |
|
| 852 | 4 |
_aES-MaACL _jL-15323 |
|
| 999 |
_c8042 _d8042 |
||